Farqaleet (Record no. 4693)

MARC details
000 -LEADER
fixed length control field 00590nam a2200253 a 4500
020 ## - INTERNATIONAL STANDARD BOOK NUMBER
ISBN
082 00 - DEWEY DECIMAL CLASSIFICATION NUMBER
Classification number 297.23
Author Cutter HAS
100 ## - MAIN ENTRY--AUTHOR NAME
Author name Hasan, Muhammad
245 ## - TITLE STATEMENT
Title Farqaleet
260 ## - PUBLICATION, DISTRIBUTION, ETC. (IMPRINT)
Place of publication Agra
Name of publisher Matbua Akhbar Press
Year of publication 1373
300 ## - PHYSICAL DESCRIPTION
Number of Pages 72p
500 ## - GENERAL NOTE
General note includes index and biblioraphy
505 2# - FORMATTED CONTENTS NOTE
Formatted contents note Illustrated
650 ## - SUBJECT ADDED ENTRY--TOPICAL TERM
Topical Term Eschatology-Islamic
650 ## - SUBJECT ADDED ENTRY--TOPICAL TERM
Topical Term Farqaleet
942 ## - ADDED ENTRY ELEMENTS (KOHA)
Koha item type Books
700 1# -
-- Hasan, Muhammad
Holdings
Collection code Home library Current library Date acquired Cost, normal purchase price Full call number Accession Number Koha item type
  Henry Martyn Institute Library Henry Martyn Institute Library 07/13/2007 100.00 297.23 HAS 05319 Books
                   Copyright © 2026 | Henry Martyn Institute | Hyderabad | TS-500052 | INDIA | Implemented by hmi.edu.in
Hit-Count:

Powered by Koha